Granty v cestovnom ruchu (Ako začať?)

Príprava pred zverejnením výzvy na podávanie projektov. Projektový zámer. Financovanie projektového zámeru. Stavebné projekty. Stavebné povolenie ako povinná súčasť žiadosti o grant. Zverejnenie výzvy na podávanie projektov. Formuláre žiadosti o grant. Administratívne prílohy.

Gespeichert in:
Bibliographische Detailangaben
1. Verfasser: Šimčíková, Gabriela
Format: Buchkapitel
Sprache:Slowakisch
Schlagworte:
Tags: Tag hinzufügen
Keine Tags, Fügen Sie das erste Tag hinzu!

MARC

LEADER 00000naa$a2200000$$$4500
001 0072839
005 20230607113442.9
041 0 |a slo 
044 |a SK 
245 1 0 |a Granty v cestovnom ruchu (Ako začať?)  |c Gabriela Šimčíková 
520 |a Príprava pred zverejnením výzvy na podávanie projektov. Projektový zámer. Financovanie projektového zámeru. Stavebné projekty. Stavebné povolenie ako povinná súčasť žiadosti o grant. Zverejnenie výzvy na podávanie projektov. Formuláre žiadosti o grant. Administratívne prílohy. 
610 2 0 |a granty 
610 2 0 |a financie 
610 2 0 |a financovanie 
610 2 0 |a projekty 
610 2 0 |a ruch cestovný 
610 2 0 |a hotelierstvo 
610 2 0 |a Európska únia 
100 1 |a Šimčíková, Gabriela